000 01181nam a2200241 u 4500
001 78300
003 BD-RjUL
005 20211209083120.0
008 210906q19601966ir ||b |00010 ara||
035 _a(BD-RjUL)78526
040 _aUkOxU
_beng
_cBD-RjUL
041 0 _aaraper
082 _223
_a181.071767
_bSHM 1966
100 1 _a شيرازي محمد صدر الدين ;; Shīrāzī, Muḥammad Ṣadr al-Dīn
_d-1641.
_9247418
245 1 4 _aالمظاهر الإلهية ;; al-Maẓāhir al-Ilāhīyah /
_cلمؤلفه صدر الدين محمد الشيرازي ؛ حققه وقدم له وعلق عليه جلال الدين آشتياني.;; Ṣadr al-Dīn Muḥammad al-Shīrāzī ; ḥaqqaqahu wa-qaddama lahu wa-ʿallaqa ʿalayhi Jalāl al-Dīn Āshtiyānī.
260 _aمشهد :Mashhad :
_bچاپخانۀ خراسان ،;; Chāpkhānah-ʼi Khurāsān,
_c[196-?]
300 _a128 p. ;
_c24cm.
504 _aIncludes bibliographical references.
650 0 _aIslamic philosophy
_vEarly works to 1800.
_9247419
700 1 _aشتياني، جلال الدين.;; Āshtiyānī, Jalāl al-Dīn.
_9247421
942 _2ddc
_cBK
999 _c78300
_d78300